000 00279nam a2200121Ia 4500
008 221102s9999 xx 000 0 und d
041 _aeng
082 _bRam
100 _aRamji Lall
245 _aPreface to Shakespeare
250 _a29
260 _bRama Brothers
_c1905-07-02
999 _c82043
_d82043